000 00669nam a22002057a 4500
005 20260212115207.0
010 _aENG-147828
020 _a9789391657987
_c695.00
035 _aEN-131360
037 _bDBAD
082 _a891.4
_21
245 _aIndian English Literature in Contemporary Context/
_cEdited By Subhash Singh [and] Neena
250 _a1
260 _aNew Delhi
_bAryan Publication
_c2025
270 _a110,Gali no.4, Harphool Vihar,Bapraula
_bNew Delhi
_e110043
_maryanpublication@gmail.com
300 _a218p.
_c22cm(hb)
700 _aSubhash Singh
_eEditor
_987329
700 _aNeena
_eEditor
_987330
942 _2ddc
_cEN
_h891.4
_mIND
999 _c214829
_d214829